[Event "blitz-d16"]
[Site "?"]
[Date "2021.08.27"]
[Round "13.1"]
[White "Starosta, Martyna"]
[Black "Nowak, Roksana"]
[Result "1-0"]
[BlackElo "1388"]
[WhiteElo "1725"]
[LiveChessVersion "1.4.4"]

1. e4 {[%clk 0:03:03]} c5 {[%clk 0:03:04]} 2. Nf3 {[%clk 0:03:05]} d6 3. d4 cxd4
{[%clk 0:03:06]} 4. Nxd4 {[%clk 0:03:07]} Nf6 {[%clk 0:03:07]} 5. Nc3 a6 6. Bg5
{[%clk 0:03:10]} e6 {[%clk 0:03:10]} 7. f4 {[%clk 0:03:11]} Be7 {[%clk 0:03:06]}
8. Qf3 {[%clk 0:03:12]} Qb6 {[%clk 0:03:07]} 9. O-O-O {[%clk 0:03:09]} Nbd7
{[%clk 0:03:08]} 10. g4 {[%clk 0:03:01]} Qc7 {[%clk 0:03:01]} 11. Kb1
{[%clk 0:02:52]} b5 {[%clk 0:03:00]} 12. Bxf6 {[%clk 0:02:53]} Nxf6
{[%clk 0:02:56]} 13. g5 {[%clk 0:02:55]} Nd7 {[%clk 0:02:57]} 14. f5
{[%clk 0:02:56]} Ne5 {[%clk 0:02:31]} 15. Qh5 {[%clk 0:02:49]} g6
{[%clk 0:02:10]} 16. fxg6 {[%clk 0:02:44]} Nxg6 {[%clk 0:02:09]} 17. Bd3
{[%clk 0:02:19]} Bd7 {[%clk 0:01:53]} 18. Rhf1 {[%clk 0:02:06]} b4
{[%clk 0:01:35]} 19. Nce2 {[%clk 0:02:05]} a5 {[%clk 0:01:29]} 20. Bb5
{[%clk 0:01:58]} Bf8 {[%clk 0:01:17]} 21. e5 {[%clk 0:01:35]} d5 {[%clk 0:00:55]}
22. Nf4 {[%clk 0:01:17]} Bg7 {[%clk 0:00:50]} 23. Nfxe6 {[%clk 0:00:52]} fxe6
{[%clk 0:00:35]} 24. Nxe6 {[%clk 0:00:54]} Qxe5 {[%clk 0:00:35]} 25. Bxd7+
{[%clk 0:00:53]} Kxd7 {[%clk 0:00:34]} 26. Nxg7 {[%clk 0:00:54]} Qxg7
{[%clk 0:00:34]} 27. Rxd5+ {[%clk 0:00:55]} Kc7 {[%clk 0:00:35]} 28. Qe2
{[%clk 0:00:45]} Rhe8 {[%clk 0:00:19]} 29. Qc4+ {[%clk 0:00:44]} Kb8
{[%clk 0:00:16]} 30. Rb5+ {[%clk 0:00:40]} Ka7 {[%clk 0:00:17]} 31. Qc5+
{[%clk 0:00:38]} Ka6 {[%clk 0:00:17]} 32. Qb6# {[%clk 0:00:39]} 1-0

[Event "blitz-d16"]
[Site "?"]
[Date "2021.08.27"]
[Round "13.2"]
[White "Siekanska, Maria"]
[Black "Obrochta, Lena"]
[Result "1-0"]
[BlackElo "1492"]
[WhiteElo "1631"]
[LiveChessVersion "1.4.4"]

1. d4 {[%clk 0:03:02]} d5 {[%clk 0:03:04]} 2. c4 {[%clk 0:03:04]} e6
{[%clk 0:03:05]} 3. Nc3 {[%clk 0:03:05]} Be7 {[%clk 0:03:06]} 4. Nf3
{[%clk 0:02:57]} Nf6 {[%clk 0:03:07]} 5. Bg5 {[%clk 0:02:47]} O-O
{[%clk 0:03:07]} 6. e3 {[%clk 0:02:49]} Nbd7 {[%clk 0:03:05]} 7. Bd3
{[%clk 0:02:48]} c6 {[%clk 0:03:01]} 8. O-O {[%clk 0:02:45]} h6 {[%clk 0:02:53]}
9. Bh4 {[%clk 0:02:42]} Re8 {[%clk 0:02:52]} 10. Re1 {[%clk 0:02:41]} c5
{[%clk 0:02:41]} 11. cxd5 {[%clk 0:02:29]} Nxd5 {[%clk 0:02:34]} 12. Bxe7
{[%clk 0:02:29]} Qxe7 {[%clk 0:02:35]} 13. Nxd5 {[%clk 0:02:24]} exd5
{[%clk 0:02:35]} 14. dxc5 {[%clk 0:02:22]} Nxc5 {[%clk 0:02:35]} 15. Bc2
{[%clk 0:02:13]} Be6 {[%clk 0:02:35]} 16. h3 {[%clk 0:02:12]} Ne4
{[%clk 0:02:27]} 17. Bb3 {[%clk 0:01:59]} Rad8 {[%clk 0:02:26]} 18. Qe2
{[%clk 0:01:56]} Ng5 {[%clk 0:02:12]} 19. Rad1 {[%clk 0:01:45]} Qf6
{[%clk 0:02:05]} 20. Nxg5 {[%clk 0:01:35]} Qxg5 {[%clk 0:02:06]} 21. Kh1
{[%clk 0:01:30]} Qe5 {[%clk 0:02:03]} 22. Rd4 {[%clk 0:01:24]} Rc8
{[%clk 0:01:57]} 23. Red1 {[%clk 0:01:23]} Rc5 {[%clk 0:01:32]} 24. Qd2
{[%clk 0:01:14]} Rec8 {[%clk 0:01:25]} 25. Qd3 {[%clk 0:00:47]} Qh5
{[%clk 0:01:02]} 26. Bxd5 {[%clk 0:00:25]} Bxd5 {[%clk 0:00:56]} 27. Rxd5
{[%clk 0:00:25]} Rxd5 {[%clk 0:00:48]} 28. Qxd5 {[%clk 0:00:26]} Qxd5
{[%clk 0:00:47]} 29. Rxd5 {[%clk 0:00:28]} Rc2 {[%clk 0:00:45]} 30. Rb5
{[%clk 0:00:29]} b6 {[%clk 0:00:45]} 31. f3 {[%clk 0:00:23]} Re2 {[%clk 0:00:41]}
32. e4 {[%clk 0:00:24]} Kf8 {[%clk 0:00:41]} 33. Kh2 {[%clk 0:00:22]} Ke7
{[%clk 0:00:41]} 34. Kg3 {[%clk 0:00:23]} Kd6 {[%clk 0:00:40]} 35. a4
{[%clk 0:00:19]} Kc6 {[%clk 0:00:39]} 36. b3 {[%clk 0:00:18]} Rb2
{[%clk 0:00:35]} 37. Rb4 {[%clk 0:00:15]} a6 {[%clk 0:00:33]} 38. Rc4+
{[%clk 0:00:16]} Kd6 {[%clk 0:00:34]} 39. Rc3 {[%clk 0:00:16]} Rb1
{[%clk 0:00:27]} 40. Kf4 {[%clk 0:00:16]} Rb2 {[%clk 0:00:27]} 41. g4
{[%clk 0:00:16]} f6 {[%clk 0:00:26]} 42. h4 {[%clk 0:00:16]} g6 {[%clk 0:00:21]}
43. h5 {[%clk 0:00:12]} gxh5 {[%clk 0:00:19]} 44. gxh5 {[%clk 0:00:14]} Rh2
{[%clk 0:00:20]} 45. Kg4 {[%clk 0:00:15]} Rg2+ {[%clk 0:00:18]} 46. Kf5
{[%clk 0:00:15]} Rg5+ {[%clk 0:00:20]} 47. Kxf6 {[%clk 0:00:16]} Rxh5
{[%clk 0:00:21]} 48. Rd3+ {[%clk 0:00:15]} Kc5 {[%clk 0:00:20]} 49. e5
{[%clk 0:00:15]} Rh1 {[%clk 0:00:13]} 50. Re3 {[%clk 0:00:14]} h5
{[%clk 0:00:10]} 51. e6 {[%clk 0:00:15]} Rd1 {[%clk 0:00:08]} 52. e7
{[%clk 0:00:15]} Rd6+ {[%clk 0:00:10]} 53. Kg5 {[%clk 0:00:14]} Rd5+
{[%clk 0:00:09]} 54. Kh4 {[%clk 0:00:14]} Rd4+ {[%clk 0:00:05]} 55. Kh3
{[%clk 0:00:15]} Kd5 1-0

[Event "blitz-d16"]
[Site "?"]
[Date "2021.08.27"]
[Round "13.3"]
[White "Goraj, Barbara"]
[Black "Arciszewska, Zuzanna"]
[Result "0-1"]
[BlackElo "1461"]
[WhiteElo "1936"]
[LiveChessVersion "1.4.4"]

1. e4 {[%clk 0:03:03]} e5 {[%clk 0:03:03]} 2. Nf3 {[%clk 0:03:04]} Nc6
{[%clk 0:03:04]} 3. Bb5 {[%clk 0:03:05]} a6 {[%clk 0:03:06]} 4. Ba4
{[%clk 0:03:07]} Nf6 {[%clk 0:03:07]} 5. O-O {[%clk 0:03:07]} b5 {[%clk 0:03:08]}
6. Bb3 Be7 7. Re1 {[%clk 0:03:09]} d6 {[%clk 0:03:09]} 8. a4 {[%clk 0:03:09]} Bb7
{[%clk 0:03:08]} 9. c3 {[%clk 0:02:53]} O-O {[%clk 0:03:07]} 10. d3
{[%clk 0:02:54]} Na5 {[%clk 0:03:05]} 11. Bc2 {[%clk 0:02:55]} c5
{[%clk 0:03:06]} 12. Nbd2 {[%clk 0:02:51]} Qc7 {[%clk 0:03:07]} 13. Nf1
{[%clk 0:02:51]} Nc6 {[%clk 0:03:02]} 14. Ne3 {[%clk 0:02:50]} Rfe8
{[%clk 0:02:58]} 15. Nf5 {[%clk 0:02:45]} Bf8 {[%clk 0:02:58]} 16. Bg5
{[%clk 0:02:42]} Nd7 {[%clk 0:02:35]} 17. d4 {[%clk 0:02:28]} Ne7
{[%clk 0:02:22]} 18. Nxe7+ {[%clk 0:02:16]} Bxe7 {[%clk 0:02:23]} 19. Be3
{[%clk 0:02:04]} cxd4 {[%clk 0:02:18]} 20. cxd4 {[%clk 0:02:05]} Rac8
{[%clk 0:02:10]} 21. Bd3 {[%clk 0:02:01]} bxa4 {[%clk 0:01:48]} 22. Qxa4
{[%clk 0:01:49]} Qc6 {[%clk 0:01:46]} 23. Qa2 {[%clk 0:01:12]} exd4
{[%clk 0:01:28]} 24. Nxd4 {[%clk 0:01:13]} Qc7 {[%clk 0:01:24]} 25. Nf5
{[%clk 0:01:13]} Ne5 {[%clk 0:01:19]} 26. Bxa6 {[%clk 0:01:09]} Ra8
{[%clk 0:01:20]} 27. Rec1 {[%clk 0:00:24]} Qd7 {[%clk 0:01:15]} 28. Qb3
{[%clk 0:00:11]} Bxa6 {[%clk 0:01:11]} 29. Bd4 {[%clk 0:00:09]} Bc4
{[%clk 0:01:07]} 30. Qg3 {[%clk 0:00:07]} Bf6 {[%clk 0:00:55]} 31. Rxa8
{[%clk 0:00:05]} Rxa8 {[%clk 0:00:56]} 32. f4 {[%clk 0:00:04]} Be6
{[%clk 0:00:40]} 33. fxe5 dxe5 {[%clk 0:00:42]} 34. Nh6+ {[%clk 0:00:04]} Kh8
{[%clk 0:00:40]} 35. Bxe5 {[%clk 0:00:04]} Qd2 {[%clk 0:00:32]} 36. Bf4
{[%clk 0:00:04]} Qd4+ {[%clk 0:00:26]} 37. Be3 {[%clk 0:00:03]} Qxe4
{[%clk 0:00:23]} 38. Ng4 {[%clk 0:00:03]} Qxg4 {[%clk 0:00:22]} 39. Qd6
{[%clk 0:00:04]} Rg8 {[%clk 0:00:13]} 40. Bf2 {[%clk 0:00:05]} Qg5
{[%clk 0:00:12]} 41. b4 {[%clk 0:00:06]} Qxc1+ {[%clk 0:00:12]} 0-1

[Event "blitz-d16"]
[Site "?"]
[Date "2021.08.27"]
[Round "13.4"]
[White "Hals, Emilia"]
[Black "Wikar, Martyna"]
[Result "1-0"]
[BlackElo "1964"]
[WhiteElo "1381"]
[LiveChessVersion "1.4.4"]

1. b3 {[%clk 0:03:03]} Nf6 {[%clk 0:03:00]} 2. Bb2 {[%clk 0:03:04]} d6
{[%clk 0:02:59]} 3. e3 {[%clk 0:03:05]} e5 {[%clk 0:02:56]} 4. c4
{[%clk 0:03:05]} Be7 {[%clk 0:02:54]} 5. d4 {[%clk 0:03:05]} exd4
{[%clk 0:02:54]} 6. exd4 {[%clk 0:03:06]} O-O {[%clk 0:02:54]} 7. Nf3
{[%clk 0:03:04]} d5 {[%clk 0:02:55]} 8. Be2 {[%clk 0:03:01]} Bb4+
{[%clk 0:02:44]} 9. Nbd2 {[%clk 0:03:01]} Bf5 {[%clk 0:02:41]} 10. a3
{[%clk 0:02:58]} Bxd2+ {[%clk 0:02:34]} 11. Qxd2 {[%clk 0:02:59]} Ne4
{[%clk 0:02:31]} 12. Qd1 {[%clk 0:02:59]} Nc6 {[%clk 0:02:20]} 13. O-O
{[%clk 0:02:59]} Bg6 {[%clk 0:02:12]} 14. Re1 {[%clk 0:02:52]} Re8
{[%clk 0:02:02]} 15. Nd2 {[%clk 0:02:51]} Qg5 {[%clk 0:01:56]} 16. Nxe4
{[%clk 0:02:44]} Bxe4 {[%clk 0:01:52]} 17. Bf3 {[%clk 0:02:45]} Rad8
{[%clk 0:01:23]} 18. Bxe4 {[%clk 0:02:38]} dxe4 {[%clk 0:01:22]} 19. d5
{[%clk 0:02:33]} Qg6 {[%clk 0:01:01]} 20. Qc2 {[%clk 0:01:53]} Nb8
{[%clk 0:00:57]} 21. Re3 {[%clk 0:01:51]} f6 {[%clk 0:00:52]} 22. Rae1
{[%clk 0:01:51]} c6 {[%clk 0:00:46]} 23. Rxe4 {[%clk 0:01:45]} Rxe4
{[%clk 0:00:33]} 24. Qxe4 {[%clk 0:01:45]} Qxe4 {[%clk 0:00:26]} 25. Rxe4 cxd5
{[%clk 0:00:27]} 26. Rd4 {[%clk 0:01:35]} Re8 {[%clk 0:00:26]} 27. Kf1
{[%clk 0:01:36]} dxc4 {[%clk 0:00:26]} 28. Rxc4 {[%clk 0:01:37]} Nc6
{[%clk 0:00:27]} 29. b4 {[%clk 0:01:33]} a6 {[%clk 0:00:28]} 30. a4
{[%clk 0:01:33]} Rd8 {[%clk 0:00:27]} 31. Ke2 {[%clk 0:01:31]} Kf7
{[%clk 0:00:16]} 32. b5 {[%clk 0:01:32]} axb5 {[%clk 0:00:11]} 33. axb5
{[%clk 0:01:33]} Na5 {[%clk 0:00:09]} 34. Rc7+ {[%clk 0:01:26]} Kg6
{[%clk 0:00:10]} 35. Bc3 {[%clk 0:01:26]} b6 {[%clk 0:00:06]} 36. Bxa5
{[%clk 0:01:27]} bxa5 {[%clk 0:00:07]} 37. Ra7 {[%clk 0:01:28]} Rb8
{[%clk 0:00:05]} 38. Rxa5 {[%clk 0:01:29]} Kf5 {[%clk 0:00:06]} 39. Kd3
{[%clk 0:01:29]} Ke5 {[%clk 0:00:06]} 40. Kc4 {[%clk 0:01:30]} Kd6
{[%clk 0:00:07]} 41. Ra6+ {[%clk 0:01:30]} Kc7 {[%clk 0:00:04]} 42. Ra7+
{[%clk 0:01:30]} Kb6 {[%clk 0:00:05]} 43. Rxg7 Rc8+ 44. Kb4 {[%clk 0:01:15]} Rc2
{[%clk 0:00:08]} 45. Rxh7 {[%clk 0:01:05]} Rxf2 {[%clk 0:00:08]} 46. Rg7
{[%clk 0:01:05]} Rb2+ {[%clk 0:00:08]} 47. Kc4 {[%clk 0:01:05]} Rxb5
{[%clk 0:00:00]} 48. Rg6 {[%clk 0:01:05]} Rf5 {[%clk 0:00:00]} 49. Kd4
{[%clk 0:01:05]} Rf4+ 1-0

[Event "blitz-d16"]
[Site "?"]
[Date "2021.08.27"]
[Round "13.5"]
[White "Zabrzanska, Weronika"]
[Black "Rejniak, Zuzanna"]
[Result "1-0"]
[BlackElo "1604"]
[WhiteElo "1613"]
[LiveChessVersion "1.4.4"]

1. e4 {[%clk 0:03:04]} c5 {[%clk 0:03:04]} 2. c3 {[%clk 0:03:05]} Nf6
{[%clk 0:03:04]} 3. e5 {[%clk 0:03:07]} Nd5 4. d4 cxd4 {[%clk 0:03:06]} 5. Qxd4
e6 6. Nf3 {[%clk 0:03:10]} Nc6 {[%clk 0:03:09]} 7. Qe4 {[%clk 0:03:11]} d6
{[%clk 0:03:04]} 8. Bb5 {[%clk 0:03:11]} Bd7 {[%clk 0:03:03]} 9. c4
{[%clk 0:03:11]} Nc7 {[%clk 0:02:57]} 10. exd6 {[%clk 0:03:11]} Bxd6
{[%clk 0:02:58]} 11. O-O {[%clk 0:03:12]} Nxb5 {[%clk 0:02:53]} 12. cxb5
{[%clk 0:03:12]} Ne7 {[%clk 0:02:54]} 13. Rd1 {[%clk 0:03:02]} Nd5
{[%clk 0:02:53]} 14. Nc3 {[%clk 0:02:53]} Nxc3 {[%clk 0:02:31]} 15. bxc3
{[%clk 0:02:52]} Qc7 {[%clk 0:02:24]} 16. c4 {[%clk 0:02:50]} O-O
{[%clk 0:02:25]} 17. Be3 {[%clk 0:02:48]} Rfd8 {[%clk 0:02:08]} 18. Rac1
{[%clk 0:02:40]} b6 {[%clk 0:02:09]} 19. Ng5 {[%clk 0:02:26]} g6 {[%clk 0:02:08]}
20. Qh4 {[%clk 0:02:22]} h5 {[%clk 0:02:08]} 21. Ne4 {[%clk 0:02:19]} Be5
{[%clk 0:01:58]} 22. Bg5 {[%clk 0:02:02]} Rdc8 {[%clk 0:01:40]} 23. Bf6
{[%clk 0:02:02]} Bf4 {[%clk 0:01:27]} 24. Rc3 {[%clk 0:01:51]} Be8
{[%clk 0:01:05]} 25. Rf3 {[%clk 0:01:20]} Be5 {[%clk 0:00:39]} 26. Qg5
{[%clk 0:01:10]} Bxh2+ {[%clk 0:00:19]} 27. Kh1 {[%clk 0:01:10]} Kh7
{[%clk 0:00:20]} 28. Rh3 {[%clk 0:01:00]} Bf4 {[%clk 0:00:19]} 29. Rxh5+
{[%clk 0:00:56]} gxh5 {[%clk 0:00:10]} 30. Qg7# {[%clk 0:00:57]} 1-0

[Event "blitz-d16"]
[Site "?"]
[Date "2021.08.27"]
[Round "13.6"]
[White "Dallemura, Anna"]
[Black "Barwinska, Ewa"]
[Result "0-1"]
[BlackElo "1592"]
[WhiteElo "1328"]
[LiveChessVersion "1.4.4"]

1. e4 {[%clk 0:03:04]} c5 {[%clk 0:03:04]} 2. Nf3 {[%clk 0:03:05]} Nc6
{[%clk 0:03:05]} 3. d4 {[%clk 0:03:06]} cxd4 {[%clk 0:03:06]} 4. Nxd4
{[%clk 0:03:07]} Nf6 {[%clk 0:03:07]} 5. Nc3 {[%clk 0:03:08]} e6 {[%clk 0:03:08]}
6. Be2 {[%clk 0:03:03]} Bb4 {[%clk 0:03:09]} 7. Qd3 {[%clk 0:03:01]} d5
{[%clk 0:02:53]} 8. Nxc6 {[%clk 0:02:27]} bxc6 {[%clk 0:02:54]} 9. O-O
{[%clk 0:02:04]} Bxc3 {[%clk 0:02:52]} 10. Qxc3 {[%clk 0:02:05]} Nxe4
{[%clk 0:02:34]} 11. Qxg7 {[%clk 0:01:44]} Qf6 {[%clk 0:02:35]} 12. Qxf6
{[%clk 0:01:38]} Nxf6 {[%clk 0:02:36]} 13. b3 {[%clk 0:01:37]} Rg8
{[%clk 0:02:34]} 14. Bb2 {[%clk 0:01:38]} Ne4 {[%clk 0:02:31]} 15. Bf3
{[%clk 0:01:31]} Nd2 {[%clk 0:02:26]} 16. Be2 {[%clk 0:01:14]} Nxf1
{[%clk 0:02:27]} 17. Rxf1 {[%clk 0:01:16]} Bb7 {[%clk 0:02:23]} 18. Rd1
{[%clk 0:01:10]} O-O-O {[%clk 0:02:16]} 19. Bh5 {[%clk 0:01:05]} Rd7
{[%clk 0:01:55]} 20. h3 {[%clk 0:01:05]} Rg5 {[%clk 0:01:55]} 21. Bf3
{[%clk 0:01:02]} c5 {[%clk 0:01:46]} 22. Bc1 {[%clk 0:01:00]} Rg8
{[%clk 0:01:42]} 23. c4 {[%clk 0:00:34]} d4 {[%clk 0:01:41]} 24. Bxb7+
{[%clk 0:00:31]} Kxb7 {[%clk 0:01:42]} 25. Rd3 {[%clk 0:00:31]} f6
{[%clk 0:01:36]} 26. a3 {[%clk 0:00:30]} Rdg7 {[%clk 0:01:36]} 27. g3
{[%clk 0:00:30]} Kc6 {[%clk 0:01:33]} 28. b4 {[%clk 0:00:28]} e5 {[%clk 0:01:34]}
29. b5+ {[%clk 0:00:23]} Kb6 {[%clk 0:01:32]} 30. Rf3 {[%clk 0:00:21]} Rg6
{[%clk 0:01:24]} 31. Bd2 {[%clk 0:00:17]} Kc7 {[%clk 0:01:17]} 32. a4
{[%clk 0:00:15]} Kd6 {[%clk 0:01:14]} 33. a5 {[%clk 0:00:15]} Rb8
{[%clk 0:01:07]} 34. Bc1 {[%clk 0:00:16]} Ke6 {[%clk 0:01:07]} 35. Ba3
{[%clk 0:00:17]} Rc8 {[%clk 0:01:00]} 36. b6 {[%clk 0:00:14]} axb6
{[%clk 0:01:01]} 37. axb6 {[%clk 0:00:15]} Rg7 {[%clk 0:01:01]} 38. Rb3
{[%clk 0:00:13]} Rb7 {[%clk 0:01:02]} 39. Kf1 {[%clk 0:00:10]} Rc6
{[%clk 0:01:03]} 40. Ke2 {[%clk 0:00:08]} Rbxb6 {[%clk 0:01:03]} 41. Rxb6
{[%clk 0:00:08]} Rxb6 {[%clk 0:01:04]} 42. Bxc5 {[%clk 0:00:09]} Rb2+
{[%clk 0:01:05]} 43. Ke1 {[%clk 0:00:08]} Rc2 {[%clk 0:01:03]} 44. Bf8
{[%clk 0:00:07]} Rxc4 {[%clk 0:01:03]} 45. Bh6 {[%clk 0:00:07]} e4
{[%clk 0:01:02]} 46. Bf4 {[%clk 0:00:08]} Rc2 {[%clk 0:01:00]} 0-1

[Event "blitz-d16"]
[Site "?"]
[Date "2021.08.27"]
[Round "13.7"]
[White "Lochina, Justyna"]
[Black "Kieca, Aleksandra"]
[Result "0-1"]
[BlackElo "1290"]
[WhiteElo "1328"]
[LiveChessVersion "1.4.4"]

1. e4 {[%clk 0:03:03]} c5 {[%clk 0:03:03]} 2. Nf3 {[%clk 0:03:04]} e6
{[%clk 0:03:05]} 3. d4 {[%clk 0:03:06]} cxd4 {[%clk 0:03:06]} 4. Nxd4
{[%clk 0:03:07]} a6 {[%clk 0:03:07]} 5. Nc3 {[%clk 0:03:06]} b5 {[%clk 0:03:09]}
6. Bd3 {[%clk 0:03:04]} Qb6 {[%clk 0:03:09]} 7. Nb3 {[%clk 0:02:52]} Qc7
{[%clk 0:03:10]} 8. O-O {[%clk 0:02:43]} Bb7 {[%clk 0:03:11]} 9. Be3
{[%clk 0:02:27]} Nf6 {[%clk 0:03:12]} 10. a3 {[%clk 0:02:21]} d6 {[%clk 0:03:12]}
11. f4 {[%clk 0:02:19]} Be7 {[%clk 0:03:11]} 12. Qf3 {[%clk 0:02:16]} O-O
{[%clk 0:03:09]} 13. Qg3 {[%clk 0:02:11]} Kh8 {[%clk 0:03:10]} 14. e5
{[%clk 0:01:55]} Ne8 {[%clk 0:02:36]} 15. Qh3 {[%clk 0:01:36]} g6
{[%clk 0:02:36]} 16. f5 {[%clk 0:01:19]} exf5 {[%clk 0:02:30]} 17. Rxf5
{[%clk 0:01:08]} Bc8 {[%clk 0:02:13]} 18. Rh5 {[%clk 0:00:51]} Bxh3
{[%clk 0:02:13]} 19. Nd5 {[%clk 0:00:41]} Qb7 {[%clk 0:02:06]} 20. Be4
{[%clk 0:00:31]} gxh5 {[%clk 0:01:56]} 21. gxh3 {[%clk 0:00:22]} Rg8+
{[%clk 0:01:52]} 22. Kh1 {[%clk 0:00:22]} Nc6 {[%clk 0:01:27]} 23. Rf1
{[%clk 0:00:09]} Bd8 {[%clk 0:00:54]} 24. exd6 {[%clk 0:00:07]} Nxd6
{[%clk 0:00:53]} 25. Bg2 {[%clk 0:00:05]} Rxg2 {[%clk 0:00:49]} 26. Kxg2
{[%clk 0:00:06]} Ne7 {[%clk 0:00:48]} 27. Bd4+ {[%clk 0:00:04]} Kg8
{[%clk 0:00:45]} 28. Kf2 {[%clk 0:00:03]} Qxd5 {[%clk 0:00:44]} 29. Rg1+
{[%clk 0:00:04]} Ng6 {[%clk 0:00:45]} 30. Bf6 {[%clk 0:00:03]} Bxf6
{[%clk 0:00:46]} 31. c4 {[%clk 0:00:02]} bxc4 {[%clk 0:00:47]} 32. Nc1
{[%clk 0:00:04]} Bd4+ {[%clk 0:00:47]} 33. Kf3 {[%clk 0:00:05]} Bxg1+
{[%clk 0:00:48]} 34. Ne2 {[%clk 0:00:06]} 0-1

[Event "blitz-d16"]
[Site "?"]
[Date "2021.08.27"]
[Round "13.8"]
[White "Bukala, Weronika"]
[Black "Krzyzosiak, Anna"]
[Result "0-1"]
[BlackElo "1581"]
[WhiteElo "1365"]
[LiveChessVersion "1.4.4"]

1. e4 c5 2. Nf3 d6 3. d4 cxd4 4. Nxd4 Nf6 5. Nc3 a6 6. Bc4 e6 7. O-O Be7 8. Bb3
Nc6 9. Be3 Nxd4 10. Bxd4 O-O 11. f4 b5 12. e5 dxe5 13. fxe5 Nd7 14. Qf3 Rb8 15.
Ne4 Bb7 16. Qg4 Bxe4 17. Qxe4 Nc5 18. Qg4 Nxb3 19. axb3 a5 20. Be3 Kh8 21. Rf3
Rc8 22. Rh3 Bc5 23. Bxc5 Rxc5 24. Qh5 h6 25. c3 b4 26. Rd1 Qb6 27. Rd4 bxc3 28.
bxc3 Qxb3 29. Rf3 Rxc3 30. Rdf4 Rxf3 31. Rxf3 Qb7 32. h3 a4 33. Kh2 Qa7 34. Rf6
Kh7 35. Rf3 a3 36. Qg4 a2 37. Qe4+ Kh8 38. Qb4 0-1

[Event "blitz-d16"]
[Site "?"]
[Date "2021.08.27"]
[Round "13.9"]
[White "Skolska, Emilia"]
[Black "Mroz, Lena"]
[Result "1-0"]
[BlackElo "1565"]
[WhiteElo "1285"]
[LiveChessVersion "1.4.4"]

1. e4 {[%clk 0:03:03]} c5 {[%clk 0:03:04]} 2. Nf3 {[%clk 0:03:05]} Nc6
{[%clk 0:03:05]} 3. d4 {[%clk 0:03:06]} cxd4 {[%clk 0:03:06]} 4. Nxd4
{[%clk 0:03:08]} Qb6 {[%clk 0:03:07]} 5. Nb3 {[%clk 0:03:01]} Nf6
{[%clk 0:03:08]} 6. Nc3 {[%clk 0:03:01]} e6 {[%clk 0:03:08]} 7. Be3
{[%clk 0:02:57]} Qc7 {[%clk 0:03:09]} 8. Be2 {[%clk 0:02:56]} a6 {[%clk 0:03:11]}
9. a4 {[%clk 0:02:58]} b6 {[%clk 0:03:11]} 10. f4 {[%clk 0:02:53]} d6
{[%clk 0:03:13]} 11. O-O {[%clk 0:02:54]} Be7 {[%clk 0:03:13]} 12. Bf3 Bb7 13.
Qe2 {[%clk 0:02:25]} O-O {[%clk 0:02:36]} 14. g4 {[%clk 0:02:25]} Rac8
{[%clk 0:01:53]} 15. g5 {[%clk 0:02:09]} Nd7 {[%clk 0:01:52]} 16. h4
{[%clk 0:02:05]} Nc5 {[%clk 0:00:48]} 17. Qg2 {[%clk 0:01:57]} Nxb3
{[%clk 0:00:47]} 18. cxb3 {[%clk 0:01:58]} Nb4 {[%clk 0:00:23]} 19. Rac1
{[%clk 0:01:52]} Qd8 {[%clk 0:00:22]} 20. h5 {[%clk 0:01:46]} d5 {[%clk 0:00:10]}
21. Rfd1 {[%clk 0:01:19]} Bc5 {[%clk 0:00:10]} 22. Bxc5 {[%clk 0:01:05]} Rxc5
{[%clk 0:00:06]} 23. exd5 {[%clk 0:00:39]} Nxd5 {[%clk 0:00:05]} 24. Nxd5
{[%clk 0:00:39]} Rxc1 {[%clk 0:00:05]} 25. Rxc1 {[%clk 0:00:41]} Bxd5
{[%clk 0:00:05]} 26. Bxd5 {[%clk 0:00:33]} Qxd5 {[%clk 0:00:04]} 27. Qxd5
{[%clk 0:00:34]} exd5 {[%clk 0:00:05]} 28. Rc6 {[%clk 0:00:36]} Rd8
{[%clk 0:00:03]} 29. Rxb6 {[%clk 0:00:34]} d4 {[%clk 0:00:05]} 30. Kf2
{[%clk 0:00:30]} d3 {[%clk 0:00:06]} 31. Ke1 {[%clk 0:00:31]} d2+
{[%clk 0:00:07]} 32. Kd1 {[%clk 0:00:33]} a5 {[%clk 0:00:08]} 33. Rb5
{[%clk 0:00:32]} Kf8 {[%clk 0:00:08]} 34. Rxa5 Rb8 {[%clk 0:00:09]} 35. Rb5
{[%clk 0:00:33]} Rd8 {[%clk 0:00:11]} 36. Rb7 {[%clk 0:00:27]} Rd3
{[%clk 0:00:05]} 37. a5 {[%clk 0:00:24]} Rd6 {[%clk 0:00:06]} 38. Rb6
{[%clk 0:00:24]} Rd5 {[%clk 0:00:07]} 39. a6 {[%clk 0:00:25]} Ra5
{[%clk 0:00:04]} 40. Kxd2 {[%clk 0:00:22]} Ke7 {[%clk 0:00:06]} 41. b4
{[%clk 0:00:22]} Ra4 {[%clk 0:00:07]} 42. b3 {[%clk 0:00:22]} Ra2+
{[%clk 0:00:08]} 43. Kc3 {[%clk 0:00:23]} Kd7 {[%clk 0:00:09]} 44. b5
{[%clk 0:00:22]} Kc7 {[%clk 0:00:09]} 45. Rb7+ {[%clk 0:00:22]} Kc8
{[%clk 0:00:10]} 46. Rxf7 {[%clk 0:00:23]} g6 {[%clk 0:00:10]} 47. hxg6
{[%clk 0:00:24]} hxg6 {[%clk 0:00:11]} 48. Rg7 {[%clk 0:00:25]} Ra5
{[%clk 0:00:11]} 49. Kb4 {[%clk 0:00:24]} Ra1 {[%clk 0:00:11]} 50. Rxg6
{[%clk 0:00:25]} Rf1 {[%clk 0:00:12]} 51. Rf6 {[%clk 0:00:23]} Kb8
{[%clk 0:00:06]} 52. b6 {[%clk 0:00:22]} Ra1 {[%clk 0:00:05]} 53. Rf8# 1-0

[Event "blitz-d16"]
[Site "?"]
[Date "2021.08.27"]
[Round "13.10"]
[White "Egeman, Emilia"]
[Black "Hertlein, Irena"]
[Result "1-0"]
[BlackElo "1535"]
[WhiteElo "1218"]
[LiveChessVersion "1.4.4"]

1. e4 {[%clk 0:03:03]} c5 {[%clk 0:03:03]} 2. Nf3 {[%clk 0:03:04]} Nc6
{[%clk 0:03:04]} 3. Nc3 {[%clk 0:03:03]} g6 {[%clk 0:03:06]} 4. d4
{[%clk 0:03:04]} cxd4 {[%clk 0:03:07]} 5. Nxd4 {[%clk 0:03:05]} Bg7
{[%clk 0:03:08]} 6. Be3 {[%clk 0:03:03]} Nf6 {[%clk 0:03:09]} 7. f3
{[%clk 0:03:03]} O-O {[%clk 0:03:10]} 8. Bc4 {[%clk 0:03:04]} d5 {[%clk 0:03:09]}
9. exd5 {[%clk 0:03:01]} Nb4 {[%clk 0:03:08]} 10. Qd2 {[%clk 0:02:46]} Nfxd5
{[%clk 0:03:05]} 11. Nxd5 {[%clk 0:02:44]} Nxd5 {[%clk 0:03:05]} 12. Bf2
{[%clk 0:02:29]} Nb6 {[%clk 0:02:17]} 13. Bb3 {[%clk 0:02:29]} e5
{[%clk 0:02:02]} 14. Ne2 {[%clk 0:02:28]} Qxd2+ {[%clk 0:01:48]} 15. Kxd2
{[%clk 0:02:28]} Rd8+ {[%clk 0:01:49]} 16. Ke1 {[%clk 0:02:25]} Bf5
{[%clk 0:01:50]} 17. Nc3 {[%clk 0:02:15]} Bh6 {[%clk 0:01:32]} 18. Ke2
{[%clk 0:02:07]} Rd2+ {[%clk 0:01:25]} 19. Ke1 {[%clk 0:02:03]} Bxc2
{[%clk 0:01:09]} 20. Bxc2 {[%clk 0:01:53]} Rxc2 {[%clk 0:01:09]} 21. Rb1
{[%clk 0:01:46]} Rd8 {[%clk 0:01:04]} 22. Bg3 {[%clk 0:01:38]} f6
{[%clk 0:00:29]} 23. Ne4 {[%clk 0:01:35]} Kf7 {[%clk 0:00:19]} 24. h4
{[%clk 0:01:26]} Rxg2 {[%clk 0:00:18]} 25. h5 {[%clk 0:01:25]} f5
{[%clk 0:00:11]} 26. hxg6+ {[%clk 0:01:24]} Kxg6 {[%clk 0:00:12]} 27. Kf1
{[%clk 0:01:19]} Rc2 {[%clk 0:00:08]} 28. Nf2 {[%clk 0:01:13]} Rdd2
{[%clk 0:00:05]} 29. Re1 {[%clk 0:01:12]} f4 {[%clk 0:00:04]} 30. Bh4
{[%clk 0:01:12]} Bg7 {[%clk 0:00:05]} 31. Ne4 {[%clk 0:01:11]} Rd7
{[%clk 0:00:04]} 32. Rg1+ {[%clk 0:01:11]} Kf7 {[%clk 0:00:03]} 33. Ng5+
{[%clk 0:01:12]} Ke8 {[%clk 0:00:00]} 1-0